<?xml version="1.0" encoding="UTF-8"?>
<record
    xmlns:xsi="http://www.w3.org/2001/XMLSchema-instance"
    xsi:schemaLocation="http://www.loc.gov/MARC21/slim http://www.loc.gov/standards/marcxml/schema/MARC21slim.xsd"
    xmlns="http://www.loc.gov/MARC21/slim">

  <leader>01112nam a22002417a 4500</leader>
  <controlfield tag="005">20100807161717.0</controlfield>
  <datafield tag="010" ind1=" " ind2=" ">
    <subfield code="a">HIN-90069</subfield>
  </datafield>
  <datafield tag="020" ind1=" " ind2=" ">
    <subfield code="c">160.00</subfield>
    <subfield code="a">9788177099379</subfield>
  </datafield>
  <datafield tag="035" ind1=" " ind2=" ">
    <subfield code="a">HN-62415</subfield>
  </datafield>
  <datafield tag="037" ind1=" " ind2=" ">
    <subfield code="b">DBAD / PUB</subfield>
  </datafield>
  <datafield tag="082" ind1=" " ind2=" ">
    <subfield code="a">342</subfield>
  </datafield>
  <datafield tag="100" ind1=" " ind2=" ">
    <subfield code="a">&#x930;&#x93E;&#x92F;, &#x917;&#x93E;&#x902;&#x927;&#x940;&#x91C;&#x940;</subfield>
    <subfield code="9">11933</subfield>
  </datafield>
  <datafield tag="245" ind1=" " ind2=" ">
    <subfield code="a">&#x92D;&#x93E;&#x930;&#x924;&#x940;&#x92F; &#x938;&#x902;&#x935;&#x93F;&#x927;&#x93E;&#x928; &#x915;&#x947; &#x92E;&#x942;&#x932; &#x938;&#x93F;&#x926;&#x94D;&#x927;&#x93E;&#x902;&#x924; /</subfield>
    <subfield code="c">&#x917;&#x93E;&#x902;&#x927;&#x940;&#x91C;&#x940; &#x930;&#x93E;&#x92F;</subfield>
  </datafield>
  <datafield tag="246" ind1=" " ind2=" ">
    <subfield code="a">Bhartiya Sanvidhan Ke Mool Siddhanta</subfield>
    <subfield code="b">by Gandhiji Rai</subfield>
  </datafield>
  <datafield tag="260" ind1=" " ind2=" ">
    <subfield code="a">&#x92A;&#x91F;&#x928;&#x93E;</subfield>
    <subfield code="b">&#x92D;&#x93E;&#x930;&#x924;&#x940; &#x92D;&#x935;&#x928; (&#x92A;&#x92C;&#x94D;&#x932;&#x93F;&#x936;&#x930;&#x94D;&#x938; &#x90F;&#x923;&#x94D;&#x921; &#x921;&#x93F;&#x938;&#x94D;&#x91F;&#x94D;&#x930;&#x940;&#x92C;&#x94D;&#x92F;&#x942;&#x91F;&#x930;&#x94D;&#x938;)</subfield>
    <subfield code="c">2009</subfield>
  </datafield>
  <datafield tag="270" ind1=" " ind2=" ">
    <subfield code="a">&#x920;&#x93E;&#x915;&#x941;&#x930;&#x92C;&#x93E;&#x921;&#x93C;&#x940; &#x930;&#x94B;&#x921;&#x93C;</subfield>
    <subfield code="b">&#x92A;&#x91F;&#x928;&#x93E;</subfield>
    <subfield code="e">800003</subfield>
  </datafield>
  <datafield tag="300" ind1=" " ind2=" ">
    <subfield code="a">438&#x92A;&#x943;</subfield>
    <subfield code="c">24&#x938;&#x947;&#x92E;&#x940; (&#x905;&#x91C;&#x93F;&#x932;&#x94D;&#x926;)</subfield>
    <subfield code="b">&#x938;&#x91A;&#x93F;&#x924;&#x94D;&#x930;</subfield>
  </datafield>
  <datafield tag="700" ind1=" " ind2=" ">
    <subfield code="9">7228</subfield>
    <subfield code="a">&#x938;&#x902;&#x91C;&#x92F; &#x915;&#x941;&#x92E;&#x93E;&#x930;</subfield>
  </datafield>
  <datafield tag="700" ind1=" " ind2=" ">
    <subfield code="9">7267</subfield>
  </datafield>
  <datafield tag="700" ind1=" " ind2=" ">
    <subfield code="9">7698</subfield>
  </datafield>
  <datafield tag="942" ind1=" " ind2=" ">
    <subfield code="a">dpl</subfield>
    <subfield code="c">HN</subfield>
    <subfield code="k"> </subfield>
    <subfield code="2">ddc</subfield>
    <subfield code="m">&#x930;&#x93E;&#x92F;&#x917;&#x93E;&#x902;</subfield>
    <subfield code="h">342</subfield>
  </datafield>
  <datafield tag="999" ind1=" " ind2=" ">
    <subfield code="c">40190</subfield>
    <subfield code="d">40190</subfield>
  </datafield>
  <datafield tag="952" ind1=" " ind2=" ">
    <subfield code="0">0</subfield>
    <subfield code="1">0</subfield>
    <subfield code="4">0</subfield>
    <subfield code="7">1</subfield>
    <subfield code="8">NFIC</subfield>
    <subfield code="a">DBAD</subfield>
    <subfield code="b">DBAD</subfield>
    <subfield code="d">2010-08-07</subfield>
    <subfield code="e">DBAD / PUB</subfield>
    <subfield code="g">160.00</subfield>
    <subfield code="l">0</subfield>
    <subfield code="o">342 &#x930;&#x93E;&#x92F;&#x917;&#x93E;&#x902;</subfield>
    <subfield code="p">HN-62415</subfield>
    <subfield code="r">2010-08-07 00:00:00</subfield>
    <subfield code="t">1</subfield>
    <subfield code="v">160.00</subfield>
    <subfield code="w">2010-08-07</subfield>
    <subfield code="y">HN</subfield>
  </datafield>
</record>
